000 00547nam a2200181 a 4500
001 000026570
005 20200930030307.0
008 110323s2006 dr ad 000 0 spa d
020 _a9945046004
040 _aDO-SdBNP
_bspa
_cBNPHU
082 _axxx
_bR175a
100 1 _aRamos, Josefina
_953670
245 4 _aLos ayuntamientos en cifras 1995-2005. /
_cJosefina Ramos.
260 _aSanto Domingo, :
_bGestión Editorial,
_c2006.
300 _a155p. :
_bil., graf. ;
_c29 cm.
500 _aIncluye datos biográficos de la autora
049 _aBNPD
999 _c26062
_d26062